000 01493namaa22003491i 4500
005 20260113111727.0
008 251125s1995 ua a|||frm||| 000 0 eng d
040 _aEG-GICUC
_beng
_cEG-GICUC
_dEG-GICUC
_erda
041 0 _aeng
_beng
_bara
049 _aDeposit
097 _aM.Sc
099 _aCai01.12.20.M.Sc.1995.So.S.
100 0 _aSozan Saber EL-Sayed,
_epreparation.
245 1 0 _aStudy Of The Electrical Properties OF A Polymer (CPVC) Doped With Organic Compounds /
_cBy Sozan Saber EL-Sayed; Approved By Prof. Dr. M. Yousef, Prof.Dr. M. A. Ahmed, Dr. S. Mahrous, Prof. Dr. G. EL-Saeed, Dr. A. M. Salah.
246 1 5 _aدراسة الخواص الكهربية لبولمير (CPVC) مطعم بمركبات عضوية
264 0 _c1995.
300 _a107 Leaves :
_billustrations ;
_c30 cm. +
336 _2rda content
_atext
337 _2rdamedia
_aUnmediated
338 _2rdacarrier
_avolume
502 _aThesis (M.Sc.) -Cairo University, 1995.
504 _aBibliography: pages 103-107.
653 0 _aPhysics
700 0 _aM. Yousef
_ethesis advisor.
700 0 _aM. A. Ahmed
_ethesis advisor.
700 0 _aS. Mahrous
_ethesis advisor.
700 0 _aG. EL-Saeed
_ethesis advisor.
700 0 _aA. M. Salah
_ethesis advisor.
900 _DDepartment of Demonstrator In Physics
_FFaculty of Science
_UCairo University
_b1995
_cM. Yousef
_cM.A.Ahmed
_cS. Mahrous
_cG. EL-Saeed
_cA.M. Salah
905 _aEman El gebaly
_eNourhan
942 _2ddc
_cTH
_e21
_n0
999 _c176177